书目信息 |
| 题名: |
公共经济学
|
|
| 作者: | 王雍君 著 | |
| 分册: | ||
| 出版信息: | 北京 高等教育出版社 2016.07 |
|
| 页数: | 405页 | |
| 开本: | 25cm | |
| 丛书名: | ||
| 单 册: | ||
| 中图分类: | F062.6 | |
| 科图分类: | ||
| 主题词: | 公共经济学--高等学校--教材 | |
| 电子资源: | ||
| ISBN: | 978-7-04-045555-7 | |
| 000 | 01005nam0 2200265 450 | |
| 001 | 008017506 | |
| 005 | 20171023081006.48 | |
| 010 | @a978-7-04-045555-7@dCNY33.80 | |
| 100 | @a20160908d2016 em y0chiy50 ea | |
| 101 | 0 | @achi |
| 102 | @aCN@b110000 | |
| 105 | @aa z 000yy | |
| 106 | @ar | |
| 200 | 1 | @a公共经济学@9gong gong jing ji xue@f王雍君著 |
| 205 | @a2版 | |
| 210 | @a北京@c高等教育出版社@d2016.07 | |
| 215 | @a405页@c图@d25cm | |
| 300 | @a普通高等教育“十一五”国家级规划教材 高等学校经济学类主要课程教材 | |
| 330 | @a本书以20章的篇幅,将公共经济学的理论体系确立为五大基本模块,分别是:公共经济学基础、国家与政府的经济理论、市场经济理论、公共财政理论、经济政策理论。全书以五大板块为主线,阐明了公共经济学的概念框架、基本原理和实践应用,并配合以大量相关案例。 | |
| 333 | @a公共经济学研究者 | |
| 606 | 0 | @a公共经济学@x高等学校@j教材 |
| 690 | @aF062.6@v5 | |
| 701 | 0 | @a王雍君@9wang yong jun@f(1962-)@4著 |
| 801 | 0 | @aCN@b人天书店@c20160908 |
| 905 | @b1080295-300@dF062.6@e163=2@f6 | |
| 公共经济学/王雍君著.-2版.-北京:高等教育出版社,2016.07 |
| 405页:图;25cm |
| 普通高等教育“十一五”国家级规划教材 高等学校经济学类主要课程教材.-使用对象:公共经济学研究者 |
| ISBN 978-7-04-045555-7:CNY33.80 |
| 本书以20章的篇幅,将公共经济学的理论体系确立为五大基本模块,分别是:公共经济学基础、国家与政府的经济理论、市场经济理论、公共财政理论、经济政策理论。全书以五大板块为主线,阐明了公共经济学的概念框架、基本原理和实践应用,并配合以大量相关案例。 |
| ● |
| 相关链接 |
|
|
|
|
正题名:公共经济学
索取号:F062.6/163=2
 
预约/预借
| 序号 | 登录号 | 条形码 | 馆藏地/架位号 | 状态 | 备注 |
| 1 | 1080295 | 210802951 | 第一样本阅览室/ [索取号:F062.6/163=2] | 在馆 | |
| 2 | 1080296 | 210802960 | 第一借阅区/ [索取号:F062.6/163=2] | 在馆 | |
| 3 | 1080297 | 210802979 | 第一借阅区/ [索取号:F062.6/163=2] | 在馆 | |
| 4 | 1080298 | 210802988 | 第一借阅区/ [索取号:F062.6/163=2] | 在馆 | |
| 5 | 1080299 | 210802997 | 第一借阅区/ [索取号:F062.6/163=2] | 在馆 | |
| 6 | 1080300 | 210803004 | 密集书库-海洋学院/ [索取号:F062.6/163=2] | 在馆 |